Cargando...
Population education /
| Autor Principal: | |
|---|---|
| Formato: | Printed Book |
| Idioma: | English |
| Publicado: |
Delhi:
Shipra,
2004.
|
| Edición: | 2 |
| Subjects: |
| LEADER | 00578cam a2200217ua 4500 | ||
|---|---|---|---|
| 008 | 060815t2004||||||||||| 00 ||eng c | ||
| 020 | |a 81-7541-112-0 | ||
| 041 | 0 | |a eng | |
| 082 | |a 363.9 |b JCA/P | ||
| 100 | 0 | |a J.C.Aggarwal, | |
| 245 | 0 | 0 | |a Population education / |
| 250 | |a 2 | ||
| 260 | |a Delhi: |b Shipra, |c 2004. | ||
| 300 | |a xi,305p.. | ||
| 362 | 1 | |a 2004. | |
| 365 | |e HB | ||
| 504 | |a . | ||
| 650 | 0 | |a Population | |
| 942 | |c BK | ||
| 999 | |c 11152 |d 11152 | ||
| 952 | |0 0 |1 0 |4 0 |6 363_900000000000000_JCA |7 0 |9 11638 |a KUCL |b KUCL |d 2014-05-23 |l 0 |o 363.9 JCA/ |p 13025 |r 2014-05-23 |w 2014-05-23 |y BK | ||